LEADER 01806nam0 22003251i 450 001 UON00282315 005 20231205103842.486 010 $a88-7642-210-2 100 $a20061020d2006 |0itac50 ba 101 $aita 102 $aIT 105 $a|||| ||||| 200 1 $aGuerra e pace in Sicilia e nel Mediterraneo antico (VIII-III sec. a.C.)$eArte, prassi e teoria della pace e della guerra $batti delle quinte giornate internazionali di studi sull'area elima e la Sicilia occidentale nel contesto mediterraneo. Erice, 12-15 ottobre 2003, Workshop G. Nenci diretto da Carmine Ampolo]$f[redazione a cura di Maria Adelaide Vaggioli, Chiara Michelini] 210 $aPisa$cEdizioni della Normale$d2006 215 $a2 v.$cill.$d28 cm 410 1$1001UON00288897$12001 $aSeminari e Convegni$v7 606 $aGUERRA E PACE$xMondo classico$xCongressi$3UONC062237$2FI 606 $aMediterraneo (regione)$xStoria antica$xCongressi$3UONC062235$2FI 606 $aSICILIA$xStoria$xSec. 08.-3. a.C.$3UONC062233$2FI 620 $aIT$dPisa$3UONL000055 676 $a327.101$cFilosofia e teoria delle relazioni internazionali$v21 702 1$aMICHELINI$bChiara$3UONV166745 702 1$aVAGGIOLI$bMaria Adelaide$3UONV166744 712 $aScuola Normale Superiore di Pisa$3UONV252504$4650 801 $aIT$bSOL$c20250718$gRICA 912 $aUON00282315 950 $aSIBA - SISTEMA BIBLIOTECARIO DI ATENEO$dSI B MC 455 1 $eSI MC 30922 5 1 950 $aSIBA - SISTEMA BIBLIOTECARIO DI ATENEO$dSI B MC 455 2 $eSI MC 30923 5 2 996 $aGuerra e pace in Sicilia e nel Mediterraneo antico (VIII-III sec. a.C.$91244981 997 $aUNIOR